Bases jurd̕icas para la gestin̤ universitaria. Universidad Miguel Hernǹdez de Elche. Tomo I Universidad Miguel Hernǹdez de Elche : Tomo I

Detalles Bibliográficos
Autor principal: Decastro Pinel, Francisca
Formato: eBook
Lenguaje:español
Publicado: Alicante : Editorial Club Universitario, 2008
Materias:
Acceso en línea:http://www.vlex.com/source/7376

MARC

LEADER 00000nam a22000007a 4500
005 20130304181332.0
007 cr|||| ||||
008 130304e2008 sp |||||s|||| 00||0 spa d
020 |a 978-84-8454-795-2 
035 |a 7376 
040 |a vLex 
090 |c 3825  |d 3825 
100 1 0 |a Decastro Pinel, Francisca 
245 1 0 |a Bases jurd̕icas para la gestin̤ universitaria. Universidad Miguel Hernǹdez de Elche. Tomo I  |b Universidad Miguel Hernǹdez de Elche : Tomo I  |h [Recurso electrn̤ico]  |c / Francisca Decastro Pinel  
256 |a Servicio en ln̕ea 
260 |a Alicante :  |b Editorial Club Universitario,   |c 2008 
300 |a 1 Recurso electrn̤ico 
506 |d vLex Global  |d vLex Global (Academic Edition, excluding Law Schools)  |d vLex Global (U.S. Academic Edition, Law Schools)  |d vLex Global (U.S. Academic Edition, excluding Law Schools)  |d vLex Global (Academic Edition, Law Schools) 
650 0 4 |a Administracin̤ (Management)  |z Espaą 
650 0 4 |a Educacin̤ universitaria  |z Espaą 
740 |a vLex Libros (Servicio en ln̕ea) 
856 |a Acceso restringido  |u http://www.vlex.com/source/7376 
942 |c BOOK 
999 0 |a Enterprise